| 000 | 00751nam a2200253 a 4500 | ||
|---|---|---|---|
| 001 | BRCA_5578 | ||
| 005 | 20190320205135.0 | ||
| 008 | 180211s1920----sp-a######---#000-0#spa-# | ||
| 041 | _aspa | ||
| 044 | _asp | ||
| 050 | 4 |
_aND813.S8 _b.M37 1920 |
|
| 100 | 1 |
_aMarquina, Rafael _914226 |
|
| 245 | 1 | 0 |
_aJoaquín Sunyer _cRafael Marquina. |
| 260 |
_aMadrid _bCo. Gral. de Artes Gráficas _c1920 |
||
| 300 |
_a25 p. _bil., 24 láminas _c21 cm. |
||
| 440 | 0 |
_aBiblioteca Estrella _pMonografías de arte _914227 |
|
| 500 | _aEstado físico: camisa maltratada | ||
| 500 | _aF53 | ||
| 600 | 1 | 4 |
_aSunyer y Miro, Joaquín _d1875-1956 _914228 |
| 650 | 1 | 4 |
_aPintores españoles _97620 |
| 650 | 1 | 4 |
_aGrabadores españoles _97740 |
| 902 | _aGFM | ||
| 942 |
_2lcc _cB |
||
| 999 |
_c5272 _d5272 |
||